00723nam a2200217 i 4500001000700000003000900007005001700016008004100033080001000074110002200084245011600106246005400222250001300276260005400289300004600343500001500389650002500404700002200429710003200451852002200483187108ES-MaACL20250812031813.0170418s1951 xxuae c |||| | eng d a7.0332 aCloisters (Museo)14aThe Cloisters b: the building and the collection of mediaeval art, in Fort Tryon Park / cby James J. Rorimer.30iPrecede al tít.aThe Metropolitan Museum of Art a11th ed. aNew York : b[s.n.], c1951 (fThe Plantin Press) aXXXVII, 159 p. : bil., planos ; c22 cm. aÍndices. 7aArte medieval2embne1 aRorimer, James J.2 aMetropolitan Museum of Art. aES-MaACLjL-31430